O veado florido (Registo nº 44315)

Detalhes MARC
000 -Etiqueta do registo
campo de controlo de comprimento fixo 007200000a22002530004500
001 - Identificador do registo
Campo de controlo 44315
100 ## - Dados Gerais de Proc.
Dados gerais de processamento 20071107d1976 k y0pory5003 ba
101 0# - Língua da publicação
Língua do texto, banda sonora, etc. Português
102 ## - País de Publicação
País de publicação Portugal
200 1# - Título
Título próprio O veado florido
Primeira menção de responsabilidade António Torrado
Outras menções de responsabilidade il. Leonor Praça
210 ## - Publicação, Distribuição
Lugar da edição, distribuição, etc. Lisboa
Nome do editor, distribuidor, etc. Século
Data da publicação, distribuição, etc. 1976
215 ## - Descrição física
Descrição física [32] p.
Outras indicações físicas il., color
225 2# - Colecção
Título próprio da colecção Pim-pam-pum
Indicação de volume 3
606 ## - Nome comum
Elemento de entrada Literatura portuguesa
606 ## - Nome comum
Elemento de entrada Literatura juvenil
606 ## - Nome comum
Elemento de entrada Conto
675 ## - CDU
Notação 83
Língua da edição Português
675 ## - CDU
Notação 087.5
Edição BN
Língua da edição Português
675 ## - CDU
Notação 821.134.3-93"19"
Edição BN
Língua da edição Português
700 #1 - Responsabilidade principal
Palavra de ordem Torrado
Outra parte do nome António
Datas 1939-
702 #1 - Responsabilidade secundária
Koha Internal Code 37461
Código de função Ilustrador
Palavra de ordem Praça
Outra parte do nome Leonor
090 ## - Números de controlo do sistema (Koha)
Número biblioitem do Koha (gerado automaticamente) 44315
942 ## - Elementos de entrada adicionados (Koha)
Tipo de item no Koha Monografias
Suprimido Disponível no OPAC
999 ## - Campo local
Campo local 44315
Exemplares
Removido (estado) Perdido (estado) Data de aquisição Origem do registo (biblioteca) (codificado) Código da organização que empresta ou é detentora (biblioteca) Código de barras Número de inventário Cota Numeração (volume ou outra parte) Tipo de circulação (não pode ser emprestado) Tipo de item e material Data da publicação, distribuição, etc. Localização da prateleira
Disponível Disponível 2021-05-14 Biblioteca EB1 da Horta do Carmo Biblioteca EB1 da Horta do Carmo BE1HC2584 2584 82-34 TOR   Normal Monografias   Plano Nacional de Leitura – 1.º Ciclo
Disponível Disponível 2007-11-07 Biblioteca da Escola Secundária Dr. Jorge Augusto Correia Biblioteca da Escola Secundária Dr. Jorge Augusto Correia BESJAC1379 1379 83J TOR 3 Normal Monografias 1976